00863nam a2200241 a 4500001001000000003000500010005001700015008004100032010001100073011001100084040000900095100002500104245012400129260004100253500006000294502007500354650002500429650001400454650002400468650003000492650002900522856007000551000112321CHAP20220329144257.0160302s2016 mx a fsm |||||||spa d a108782 a109754 cCHAP1 aMora Acosta, Claudia10aManual de procedimientos para la engorda de bovinos en corrales Tierra Blanca /h[En línea]cpor Claudia Mora Acosta. aChapingo, Méx. :bEl autor,c2016. aPara ver el contenido del material haga clic en la liga aTesis (Ing. Agr. Esp. en Zootecnia) -- UACH. Departamento de Zootecnia14aCarnexProducción.14aCorrales.14aEmpresaszVeracruz.14aGanado de carnexEngorda.14aGanado vacunozVeracruz. aFinding aiduhttp://10.13.5.2/tesis/sist112321.pdfzTeclea aquí